[Event "AUTO-OPEN-1181"]
[Site "http://www.queenalice.com/game.php?id=426708"]
[Date "2008.7.3"]
[Round "1"]
[White "Speks"]
[Black "eriquec"]
[Result "1-0"]
[WhiteElo "1198"]
[BlackElo "1301"]

1. e4 e5 2. Nf3 f6 3. Nc3 g6 4. Bc4 f5 5. Nxe5 Qf6 6. d4 d6 7. Nd5 Qh4 8. Nxc7+
Kd8 9. Nxa8 dxe5 10. dxe5+ Bd7 11. e6 Bc5 12. O-O Bd6 13. Qxd6 Nf6 14. Qxb8+ Ke7
15. Qc7 Nxe4 16. Qxd7+ Kf6 17. Nc7 g5 18. Qf7+ Ke5 19. c3 Nd6 20. Qg7+ Ke4 21.
Re1# 1-0

[Event "AUTO-OPEN-1181"]
[Site "http://www.queenalice.com/game.php?id=426709"]
[Date "2008.7.3"]
[Round "1"]
[White "eriquec"]
[Black "pussycatdolls"]
[Result "0-1"]
[WhiteElo "1352"]
[BlackElo "1442"]

1. e4 e5 2. Bc4 Nf6 3. Qf3 Bb4 4. g4 d6 5. g5 d5 6. exd5 Ng4 7. d6 Qxd6 8. Qxf7+
Kd8 9. h3 Qd4 10. b3 Qxa1 11. Ne2 Qxb1 12. Kd1 Nxf2+ 13. Ke1 Nxh1 14. c3 Bc5 15.
Qf1 Bf2+ 16. Kd1 b5 17. Qxh1 c6 18. Qf3 Bc5 19. Bd3 Qxa2 20. b4 Rf8 21. Qg2 Qb3+
22. Bc2 Qf7 23. bxc5 Qf1+ 0-1

[Event "AUTO-OPEN-1181"]
[Site "http://www.queenalice.com/game.php?id=426710"]
[Date "2008.7.3"]
[Round "1"]
[White "pussycatdolls"]
[Black "eriquec"]
[Result "1-0"]
[WhiteElo "1371"]
[BlackElo "1384"]

1. e4 e5 2. Nf3 g6 3. Nxe5 d6 4. Nc4 Qf6 5. Qe2 h5 6. Qd3 c6 7. e5 dxe5 8. Be2
Bc5 9. Nd6+ Kf8 10. Nxc8 Qxf2+ 11. Kd1 Na6 12. Qd8+ Kg7 13. c3 Nh6 14. Qd7 Raxc8
15. Qxb7 Nc7 16. Qxc6 Ne6 17. Qf3 Ng4 18. Rf1 Qh4 19. Qxf7+ Kh6 20. d4+ g5 21.
Qxe6+ Kh7 22. Rf7+ Kg8 23. Rc7+ Kf8 24. Qxc8# 1-0

[Event "AUTO-INT-967"]
[Site "http://www.queenalice.com/game.php?id=433804"]
[Date "2008.7.15"]
[Round "1"]
[White "eriquec"]
[Black "gomonkey"]
[Result "0-1"]
[WhiteElo "1384"]
[BlackElo "1471"]

1. e4 e5 2. Qf3 d5 3. exd5 Bd6 4. c4 f5 5. Bd3 e4 6. Bxe4 fxe4 7. Qxe4+ Ne7 8.
Ne2 O-O 9. h4 Re8 10. h5 Nf5 11. Qg4 Ng3 12. Qd4 Nxe2 13. Rh3 Nxd4+ 14. Re3 Nc2+
15. Ke2 Nxa1 16. b3 Bg4+ 17. f3 Bxh5 18. Bb2 Nc2 19. Nc3 Nxe3 20. dxe3 Qe7 21.
Nd1 Qg5 22. g4 Bc5 23. f4 Qxg4+ 24. Kd3 Qxd1+ 25. Kc3 Qe1+ 26. Kd3 Rxe3+ 27. Kc2
Qd1# 0-1

[Event "AUTO-INT-967"]
[Site "http://www.queenalice.com/game.php?id=433806"]
[Date "2008.7.15"]
[Round "1"]
[White "eriquec"]
[Black "fugazeton2"]
[Result "0-1"]
[WhiteElo "1366"]
[BlackElo "1573"]

1. e4 d5 2. d3 dxe4 3. dxe4 Qxd1+ 4. Kxd1 Nf6 5. h4 Nxe4 6. Rh2 Nd6 7. Nc3 e6 8.
Rh3 e5 9. a4 Bxh3 10. Nxh3 Be7 11. Ra3 O-O 12. Nb5 Nxb5 13. Rd3 Nd6 14. Ng5 Bxg5
15. hxg5 e4 16. Rh3 Nc6 17. f3 exf3 18. Rxf3 Nd4 19. Rd3 c5 20. c3 N4f5 21. b4
Rad8 22. bxc5 Ne4 23. g4 Rxd3+ 24. Kc2 Rxc3+ 25. Kb2 Nd4 26. Bg2 Rb3+ 27. Ka2
Nc3+ 28. Ka1 Nc2# 0-1

[Event "AUTO-INT-967"]
[Site "http://www.queenalice.com/game.php?id=433807"]
[Date "2008.7.15"]
[Round "1"]
[White "fugazeton2"]
[Black "eriquec"]
[Result "1-0"]
[WhiteElo "1576"]
[BlackElo "1344"]

1. d4 e6 2. c4 c6 3. e4 d5 4. exd5 exd5 5. Nf3 Bg4 6. Be2 Bb4+ 7. Nc3 h5 8. Ne5
Bf5 9. c5 Rh6 10. Bxh6 gxh6 11. Bxh5 Qe7 12. O-O Nf6 13. Bxf7+ Kd8 14. Re1 Nbd7
15. Nxc6+ bxc6 16. Rxe7 Kxe7 17. Bxd5 cxd5 18. Qe2+ Kd8 19. Nb5 Ng4 20. Nd6 a5
21. Qe8+ Kc7 22. Qxa8 Bd2 23. Nxf5 h5 24. Qxd5 Ndf6 25. Qd6+ Kc8 26. Ne7+ Kb7
27. Qb6+ Ka8 28. Nc6 Nd7 29. Qd8+ Kb7 30. Qxd7+ Ka6 31. Nb8# 1-0

[Event "AUTO-INT-967"]
[Site "http://www.queenalice.com/game.php?id=433808"]
[Date "2008.7.15"]
[Round "1"]
[White "eriquec"]
[Black "junior11"]
[Result "0-1"]
[WhiteElo "1388"]
[BlackElo "1809"]

1. e4 e5 2. h4 Nf6 3. g4 Nc6 4. Bc4 d6 5. g5 Nxe4 6. Qf3 d5 7. Bb3 Nd4 8. Qd3
Bg4 9. Nc3 c6 10. f3 Nc5 11. Qe3 Be6 12. h5 Ncxb3 13. cxb3 Nc2+ 14. Ke2 Nxe3 15.
Kxe3 d4+ 16. Kd3 Bb4 17. a3 dxc3+ 18. Ke2 Qxg5 19. dxc3 Qg2+ 20. Ke3 Bc5+ 21.
Kd3 O-O-O+ 22. Ke4 Bd5+ 23. Kxe5 Rde8+ 24. Kf5 g6+ 25. hxg6 fxg6+ 26. Kf6 Rhf8+
27. Kg7 Rf7+ 28. Kh6 Bf8# 0-1

[Event "AUTO-INT-967"]
[Site "http://www.queenalice.com/game.php?id=433809"]
[Date "2008.7.15"]
[Round "1"]
[White "junior11"]
[Black "eriquec"]
[Result "1-0"]
[WhiteElo "1799"]
[BlackElo "1386"]

1. d4 e6 2. c4 c5 3. e3 Qf6 4. Nf3 cxd4 5. Nxd4 h5 6. Bd3 e5 7. Nb3 d6 8. Nc3
Rh6 9. Nd5 Qe6 10. Nc7+ Kd8 11. Nxe6+ fxe6 12. e4 Rg6 13. O-O b6 14. f4 Nc6 15.
fxe5 dxe5 16. Rxf8+ Ke7 17. Rxg8 Kf7 18. Rh8 Bb7 19. Rxa8 Bxa8 20. Qxh5 Ne7 21.
Bg5 Ng8 22. Qh4 a5 23. Rf1+ Ke8 24. Qh5 Nf6 25. Qxg6+ Kf8 26. Bxf6 gxf6 27.
Qxf6+ Ke8 28. Qg7 a4 29. Rf8# 1-0

[Event "AUTO-OPEN-1198"]
[Site "http://www.queenalice.com/game.php?id=433889"]
[Date "2008.7.16"]
[Round "1"]
[White "diego2907"]
[Black "eriquec"]
[Result "1-0"]
[WhiteElo "1599"]
[BlackElo "1376"]

1. e4 e5 2. Bc4 Qf6 3. Nf3 Bc5 4. d3 g5 5. Bxg5 Qb6 6. O-O h6 7. Bh4 Rh7 8. Nxe5
Qd6 9. Bg3 f6 10. Qh5+ Kf8 11. Ng6+ Ke8 12. Bxg8 Rg7 13. Bxd6 Bxd6 14. Nh8+ Kf8
15. Bc4 Nc6 16. Qxh6 Ne7 17. Qxf6+ 1-0

[Event "AUTO-OPEN-1198"]
[Site "http://www.queenalice.com/game.php?id=433890"]
[Date "2008.7.16"]
[Round "1"]
[White "eriquec"]
[Black "diego2907"]
[Result "0-1"]
[WhiteElo "1384"]
[BlackElo "1591"]

1. e4 d5 2. Qf3 dxe4 3. Qf4 f5 4. d3 exd3 5. Bxd3 e6 6. g4 Bd6 7. Qe3 fxg4 8. h3
Nf6 9. hxg4 Nc6 10. Rh3 Nxg4 11. Qf3 Nf6 12. Bg5 h6 13. Bg6+ Kd7 14. Bh4 Rf8 15.
Qd3 b6 16. Re3 Bb7 17. Re4 Kc8 18. Qe3 Bc5 0-1

[Event "AUTO-OPEN-1198"]
[Site "http://www.queenalice.com/game.php?id=433915"]
[Date "2008.7.16"]
[Round "1"]
[White "goulart"]
[Black "eriquec"]
[Result "1-0"]
[WhiteElo "2118"]
[BlackElo "1338"]

1. e4 e5 2. Nf3 g5 3. d3 Qf6 4. Bxg5 Qb6 5. Qc1 Bc5 6. Bh4 Nh6 7. Nxe5 d6 8. Nc4
Qb4+ 9. c3 Qa4 10. b3 Qd7 11. Qxh6 d5 12. Ne5 Qe6 13. Qg5 h6 14. Qd8# 1-0

[Event "AUTO-OPEN-1198"]
[Site "http://www.queenalice.com/game.php?id=433916"]
[Date "2008.7.16"]
[Round "1"]
[White "eriquec"]
[Black "goulart"]
[Result "0-1"]
[WhiteElo "1352"]
[BlackElo "2120"]

1. e4 e5 2. c3 Nf6 3. g4 d6 4. g5 Nxe4 5. h4 Nc6 6. Qf3 Nc5 7. Bc4 Qe7 8. Rh3
Bxh3 9. Nxh3 e4 10. Qf4 Ne5 11. Bd5 Ned3+ 12. Kd1 Nxf4 13. Nxf4 Nd3 14. Nxd3
exd3 15. Bf3 c5 16. a4 h6 17. gxh6 Rxh6 18. Ra3 Rxh4 19. c4 Rh1+ 20. Bxh1 Qe2#
0-1

[Event "AUTO-OPEN-1198"]
[Site "http://www.queenalice.com/game.php?id=433933"]
[Date "2008.7.16"]
[Round "1"]
[White "eriquec"]
[Black "salso"]
[Result "0-1"]
[WhiteElo "1337"]
[BlackElo "1980"]

1. e4 e5 2. c3 d5 3. exd5 Qxd5 4. b3 Qe4+ 5. Be2 Qxg2 6. Bf3 Qg6 7. Bd5 c6 8.
Bc4 Bf5 9. d4 Bxb1 10. Qf3 Qe4+ 11. Be2 Qxf3 12. Nxf3 e4 13. Rxb1 exf3 14. Bxf3
Nf6 15. O-O Nbd7 16. Bg5 O-O-O 17. c4 h6 18. b4 hxg5 19. b5 Bd6 20. bxc6 Bxh2+
21. Kg2 bxc6 22. d5 g4 23. Be2 c5 24. Rfc1 Bf4 25. Rb5 Bxc1 26. f3 Bf4 27. fxg4
Rh2+ 28. Kf1 Rxe2 29. Kxe2 g5 30. a4 Nxg4 31. a5 Re8+ 32. Kd3 Nf2+ 33. Kc2 Re2+
34. Kb3 Nd3 35. a6 Rb2+ 36. Kc3 Rxb5 37. cxb5 Nb4 38. Kc4 Kc7 39. Kb3 Kb6 40.
Kc4 Ne5+ 41. Kc3 Kxb5 42. d6 g4 43. d7 Nxd7 44. Kb3 g3 45. Kb2 Kc4 46. Ka3 g2
47. Ka4 g1=Q 48. Ka3 Qa1# 0-1

[Event "AUTO-OPEN-1198"]
[Site "http://www.queenalice.com/game.php?id=433934"]
[Date "2008.7.16"]
[Round "1"]
[White "salso"]
[Black "eriquec"]
[Result "1-0"]
[WhiteElo "2039"]
[BlackElo "1386"]

1. e4 e5 2. Nf3 c6 3. d4 d6 4. dxe5 h5 5. exd6 Bxd6 6. Be2 Nd7 7. Qxd6 Rh6 8.
Bxh6 gxh6 9. O-O Ngf6 10. Nc3 a5 11. Rad1 Ra6 12. Bxa6 bxa6 13. e5 Ng4 14. e6
Qe7 15. exf7+ Qxf7 16. Rfe1+ Nge5 17. Nxe5 Qe7 18. Nxd7 Kf7 19. Rxe7+ Kg8 20.
Qg6+ Kh8 21. Qg7# 1-0

[Event "Challenge"]
[Site "http://www.queenalice.com/game.php?id=436885"]
[Date "2008.7.21"]
[Round "-"]
[White "eriquec"]
[Black "samuelrmgs"]
[Result "1-0"]
[WhiteElo "1357"]
[BlackElo "1339"]

1. e4 e6 2. h4 Bc5 3. Nf3 Nh6 4. Nc3 Ng4 5. d4 Bd6 6. e5 Bb4 7. Qd3 Qe7 8. Bg5
Qf8 9. a3 Bxc3+ 10. bxc3 d6 11. d5 exd5 12. Qxd5 dxe5 13. Rd1 Be6 14. Qd8# 1-0

[Event "AUTO-INT-1002"]
[Site "http://www.queenalice.com/game.php?id=448433"]
[Date "2008.8.14"]
[Round "1"]
[White "TessaroT"]
[Black "eriquec"]
[Result "1-0"]
[WhiteElo "1711"]
[BlackElo "1331"]

1. e4 e6 2. d4 Qf6 3. Nf3 g5 4. Bxg5 Qg6 5. Bd3 h6 6. e5 f5 7. exf6 Qh5 8. f7+
Qxf7 9. Ne5 Qg7 10. Bg6+ Qxg6 11. Nxg6 1-0

[Event "AUTO-INT-1002"]
[Site "http://www.queenalice.com/game.php?id=448434"]
[Date "2008.8.14"]
[Round "1"]
[White "eriquec"]
[Black "TessaroT"]
[Result "0-1"]
[WhiteElo "1329"]
[BlackElo "1713"]

1. e3 e5 2. Qf3 Nf6 3. g4 Nc6 4. Bc4 e4 5. Qf4 d5 6. Bb3 Bd6 7. Qg5 O-O 8. Nc3
Be7 9. Nxd5 Nxd5 10. Bxd5 Bxg5 0-1